00624nam a2200217Ia 4500003000900000008004100009040001300050040001300063041000800076100001600084245004000100250001000140260002100150260000900171300000800180490000800188490000700196942000700203999001300210952018300223IT-RoPAU120407s9999 xx 000 0 und d aIT-RoPAU cIT-RoPAU aita aKarl Rahner aPericoli nel cattolicesimo d’oggi aRoma  aEdizioni Paoline c1961 c cm aDds v35 cBK c264d264 00102ddc406208_25350000000000071aPAULUSbPAULUSd2012-04-11l0o208.2535r2012-04-11 00:00:00w2012-04-11yBKzInserito da: In data: n.d. fondo: Via A.Severo 56 Progr:28985